Clonal variability in tension wood formation in the juvenile and mature growth phases of Hevea brasiliensis (Record no. 52645)

MARC details
000 -LEADER
fixed length control field 00559nam a2200133Ia 4500
100 ## - MAIN ENTRY--AUTHOR NAME
Personal name Mathew F.
245 #0 - TITLE STATEMENT
Title Clonal variability in tension wood formation in the juvenile and mature growth phases of Hevea brasiliensis
260 ## - PUBLICATION, DISTRIBUTION, ETC. (IMPRINT)
Name of publisher In: Preprints of Papers. International Natural Rubber Conference, India 2005, 6-8 November 2005, Rubber Research Institute of India, Kottayam, Kerala, India, pp. 107-113.
Year of publication 2005
650 ## - SUBJECT ADDED ENTRY--TOPICAL TERM
Topical Term Clone evaluation
650 ## - SUBJECT ADDED ENTRY--TOPICAL TERM
Topical Term Tension wood
700 ## - ADDED ENTRY--PERSONAL NAME
Personal name Reghu C.P.
942 ## - ADDED ENTRY ELEMENTS (KOHA)
Koha item type Bibliography STAF
Holdings
Withdrawn status Lost status Damaged status Not for loan Home library Current library Date acquired Koha item type
      Bibliography RRII Library RRII Library 09/04/2014 Bibliography STAF